000 00289nam a2200121Ia 4500
008 191201s2007 xx 000 0 und d
100 _aKOIRALA, Shivprasad
245 0 _aSQL Server
260 _aN. Delhi
_bBPB Publication
_c2007
300 _a207
650 _aB.Tech(CSE)
942 _2ddc
_cBK
999 _c6639
_d6639